Laddar...
Theatre & education /
| Huvudupphovsman: | |
|---|---|
| Materialtyp: | Printed Book |
| Språk: | English |
| Publicerad: |
Houndmills, Basingstoke, Hampshire, UK ; New York :
Palgrave Macmillan,
c2009.
|
| Ämnen: |
| LEADER | 00659 a2200181 4500 | ||
|---|---|---|---|
| 008 | 150103s9999 000 0 eng | ||
| 020 | |a 9780230218574 (pbk.) | ||
| 020 | |a 0230218571 (pbk.) | ||
| 082 | 0 | 4 | |a 792.071 |
| 100 | 1 | |a Nicholson, Helen. | |
| 245 | 1 | 0 | |a Theatre & education / |
| 260 | |a Houndmills, Basingstoke, Hampshire, UK ; |a New York : |b Palgrave Macmillan, |c c2009. | ||
| 300 | |a xii, 91 p. | ||
| 650 | 0 | |a Drama in education. | |
| 650 | 0 | |a Theater | |
| 942 | |c BK | ||
| 999 | |c 307128 |d 307128 | ||
| 952 | |0 0 |1 0 |2 ddc |4 0 |6 792_071000000000000_NIC_TH |7 0 |9 352399 |a DRA |b DRA |c ST1 |d 2013-07-12 |i 8325 |l 2 |o 792.071 NIC/TH |p DRA8325 |r 2018-06-29 |s 2016-09-24 |v 464.23 |w 2013-07-12 |y BK | ||